书目信息 |
| 题名: |
中外书摘 第二卷第一期
|
|
| 作者: | 上海人民出版社 | |
| 分册: | ||
| 出版信息: | 上海人民出版社 1988.04 |
|
| 页数: | 80页 | |
| 开本: | 16cm | |
| 丛书名: | ||
| 单 册: | ||
| 中图分类: | Z89 | |
| 科图分类: | ||
| 主题词: | 文摘 , 索引 | |
| 电子资源: | ||
| ISBN: | ||
| 000 | 00551nam0 2200193 45 | |
| 001 | 9911301546 | |
| 005 | 19991130154113.6 | |
| 010 | @d0.95 | |
| 100 | @a19991130d1988 km y0chiy0120 ea | |
| 101 | @achi | |
| 105 | @a z 000yy | |
| 200 | 1 | @a中外书摘 第二卷第一期@AZhong Wai Shu Zhai Di Er Juan Di Yi Qi@f上海人民出版社@FShang Hai Ren Min Chu Ban She |
| 210 | @c上海人民出版社@d1988.04 | |
| 215 | @a80页@c无图表@d16cm | |
| 606 | 0 | @a文摘 |
| 606 | 0 | @a索引 |
| 690 | @aZ89@v3 | |
| 801 | @aCN@bPerfectUser@c19991130 | |
| 905 | @aBZT@b23276-277@f2@dZ89@e1 | |
| 中外书摘 第二卷第一期/上海人民出版社.-上海人民出版社,1988.04 |
| 80页:无图表;16cm |
| ISBN :0.95 |
| ● |
| 相关链接 |
|
|
|
正题名:中外书摘 第二卷第一期
索取号:Z89/1
 
预约/预借
| 序号 | 登录号 | 条形码 | 馆藏地/架位号 | 状态 | 备注 |